000 00236nam a2200097Ia 4500
008 190216s9999||||xx |||||||||||||| ||und||
100 _aNull
245 0 _aHindi-Samakalik Kahani Ki Pahusnan
260 _bHindi Sahithya Sadan
942 _cBK
999 _c18288
_d18288